Geography Quiz

Random Geography or City Quiz

Wyoming's Biggest Cities Quiz Stats

 Plays Quiz not verified by Sporcle

Challenge
Share
Tweet
Embed
Score 0/20 Timer 04:00
0 Plays Today
Rank City % Correct
1Cheyenne
100%
2Casper
96.3%
3Laramie
92.7%
4Gillette
80.5%
10Jackson
79.3%
6Sheridan
76.8%
5Rock Springs
75.6%
11Cody
68.3%
8Evanston
67.1%
9Riverton
65.9%
Rank City % Correct
7Green River
63.4%
12Rawlins
54.9%
13Lander
53.7%
14Torrington
52.4%
18Buffalo
48.8%
15Powell
43.9%
16Douglas
41.5%
20Wheatland
35.4%
17Worland
34.1%
19Newcastle
29.3%

You're not logged in!

Compare scores with friends on all Sporcle quizzes.
Join for Free
OR
Log In

You Might Also Like...

Show Comments

Extras

Created Sep 28, 2014ReportNominate
Tags:City Quiz, biggest, wyoming

Top Quizzes Today


Score Distribution

Your Account Isn't Verified!

In order to create a playlist on Sporcle, you need to verify the email address you used during registration. Go to your Sporcle Settings to finish the process.

Report this User

Report this user for behavior that violates our Community Guidelines.

Details: